000 00200 a2200097 4500
001 58516
100 _a
245 _aCrusade
260 _aLahore
_bPAF Book Club, LAhore
_c1995
090 _c35888
_d35888
942 _aNUST-CAE
_c
_c28766
999 _c293589
_d293589